000 00897nam a2200241 a 4500
001 73628
003 BD-RjUL
005 20211209082424.0
008 170605s1991 bg ab b f000 0 eng d
020 _cTk200.00 ($25.00 U.S.)
035 _a(BD-RjUL)73846
040 _aDLC
_cDLC
_dBD-RjUL
_beng
041 _aeng
082 _223
_a641.095492
_bBAR 1991
110 _aBangladesh Bureau of Statistics
_9217925
245 0 0 _aReport of the child nutritional status survey, 1989-90 /
_cBangladesh Bureau of Statistics
260 _aDhaka, Bangladesh :
_bBangladesh Bureau of Statistics, Statistics Division, Ministry of Planning, Govt. of the People's Republic of Bangladesh,
_c[1991]
300 _aix, 157 p. :
_bill. ;
_c28 cm.
504 _aIncludes bibliographical references (p. 157).
650 _aNutrition
_xEvaluation
_zBangladesh
_9217924
942 _2ddc
_cBK
999 _c73628
_d73628